ARRUPE JESUIT UNIVERSITY

CORONAVIRUS -STOP THE SPREAD - CLEAN,DISINFECT,COVER

Philosophy of religion for a new century : (Record no. 123298)

MARC details
000 -LEADER
fixed length control field 01189cam a22003134a 4500
001 - CONTROL NUMBER
control field 13552995
003 - CONTROL NUMBER IDENTIFIER
control field ARRUPE
005 - DATE AND TIME OF LATEST TRANSACTION
control field 20150911100157.0
008 - FIXED-LENGTH DATA ELEMENTS--GENERAL INFORMATION
fixed length control field 040409s2004 ne a b 011 0 eng
010 ## - LIBRARY OF CONGRESS CONTROL NUMBER
LC control number 2004047557
020 ## - INTERNATIONAL STANDARD BOOK NUMBER
International Standard Book Number 1402020732 (hb : alk. paper)
020 ## - INTERNATIONAL STANDARD BOOK NUMBER
International Standard Book Number 1402020740 (ebook)
040 ## - CATALOGING SOURCE
Original cataloging agency DLC
Transcribing agency DLC
Modifying agency DLC
042 ## - AUTHENTICATION CODE
Authentication code pcc
050 00 - LIBRARY OF CONGRESS CALL NUMBER
Classification number BL51
Item number .P5335 2004
082 00 - DEWEY DECIMAL CLASSIFICATION NUMBER
Classification number 210
Edition number 22
300 ## - PHYSICAL DESCRIPTION
Dimensions 25 cm.
245 00 - TITLE STATEMENT
Title Philosophy of religion for a new century :
Remainder of title essays in honor of Eugene Thomas Long /
Statement of responsibility, etc edited by Jeremiah Hackett and Jerald Wallulis.
260 ## - PUBLICATION, DISTRIBUTION, ETC. (IMPRINT)
Place of publication, distribution, etc Boston :
Name of publisher, distributor, etc Kluwer Academic Publishers,
Date of publication, distribution, etc c2004.
300 ## - PHYSICAL DESCRIPTION
Extent xi, 365 p. :
490 1# - SERIES STATEMENT
Series statement Studies in philosophy and religion ;
Volume number/sequential designation v. 25
650 #0 - SUBJECT ADDED ENTRY--TOPICAL TERM
Topical term or geographic name as entry element Religion
General subdivision Philosophy.
9 (RLIN) 19509
700 1# - ADDED ENTRY--PERSONAL NAME
Personal name Long, Eugene Thomas.
9 (RLIN) 19510
700 1# - ADDED ENTRY--PERSONAL NAME
Personal name Hackett, Jeremiah.
9 (RLIN) 19511
Relator term ed.
700 1# - ADDED ENTRY--PERSONAL NAME
Personal name Wallulis, Jerald,
Dates associated with a name 1947-
9 (RLIN) 19512
Relator term ed.
830 #0 - SERIES ADDED ENTRY--UNIFORM TITLE
Uniform title Studies in philosophy and religion (Hague, Netherlands) ;
Volume number/sequential designation v. 25.
9 (RLIN) 19513
906 ## - LOCAL DATA ELEMENT F, LDF (RLIN)
a 7
b cbc
c orignew
d 1
e ocip
f 20
g y-gencatlg
942 ## - ADDED ENTRY ELEMENTS (KOHA)
Source of classification or shelving scheme Library of Congress Classification
Koha item type Monograph ( Printed materials)
Holdings
Withdrawn status Lost status Source of classification or shelving scheme Damaged status Not for loan Collection code Home library Current library Shelving location Date acquired Total Checkouts Full call number Barcode Date last seen Price effective from Koha item type
    Library of Congress Classification     Main Collection ARRUPE LIBRARY ARRUPE LIBRARY Main Collection 08/09/2015   BL51 .P5335 2004 46500003906 26/10/2016 08/09/2015 Monograph ( Printed materials)

 

Arrupe Library. PO Box MP320 Mt Pleasant, Harare, Zimbabwe
263 242 745411|librarian@aju.ac.zw